000 00324nam a2200145Ia 4500
100 _aTropper/ R.H.
942 _cBK
654 _aComputer
245 _aProgramming an Assembly Language on the IBM PC
260 _bJaico Pub
_aBombay
_c1993
082 _a5.2
_bPAN
300 _a648
546 _aENGLISH
999 _c18400
_d18400